Živnosť a s. r. o. – najrozšírenejšie formy podnikania v porovnaní

Benefity a porovnania s. r. o. a živnostníkov ako dvoch foriem a právnych rámcov, ktoré podľa štatistiky vzniku firiem a živnostníkov dlhodobo patria medzi najrozšírenejšie formy podnikania. S. r. o. a jej základné právne rozmery, orgány s. r. o. Určenie, kto je živnostník a kto SZČO. Výhody a nevýh...

Descrizione completa

Salvato in:
Dettagli Bibliografici
Autore principale: Otáhalová, Zuzana
Natura: Capitolo di libro
Lingua:slovacco
Soggetti:
Tags: Aggiungi Tag
Nessun Tag, puoi essere il primo ad aggiungerne!!

MARC

LEADER 00000naa a2200000 4500
001 0292265
005 20240417075235.0
041 0 |a slo 
044 |a SK 
245 1 0 |a Živnosť a s. r. o. – najrozšírenejšie formy podnikania v porovnaní  |c Zuzana Otáhalová 
520 |a Benefity a porovnania s. r. o. a živnostníkov ako dvoch foriem a právnych rámcov, ktoré podľa štatistiky vzniku firiem a živnostníkov dlhodobo patria medzi najrozšírenejšie formy podnikania. S. r. o. a jej základné právne rozmery, orgány s. r. o. Určenie, kto je živnostník a kto SZČO. Výhody a nevýhody s. r. o. a podnikania ako živnostník – možnosti vyberania peňazí z podnikania, „imidž“, zverejňovanie finančných údajov a ukončenie podnikania. Postup a novelizácia pri založení s. r. o. v roku 2023. 
610 2 0 |a podnikanie 
610 2 0 |a podnikatelia 
610 2 0 |a formy podnikov 
610 2 0 |a spoločnosti s r.o. 
610 2 0 |a živnosti 
610 2 0 |a živnostníci 
610 2 0 |a osoby samostatne zárobkovo činné 
610 2 0 |a zákonník obchodný 
610 2 0 |a právo obchodné 
100 1 |a Otáhalová, Zuzana